|
|
|
|
| LEADER |
00000nam0a2200000 4500 |
| 001 |
101143 |
| 005 |
20231031112532.0 |
| 010 |
|
|
|a 5829105047
|b (Акад. Проект)
|b 3000 экз.
|b (Альма Матер)
|
| 010 |
|
|
|z 5-902766-06-0 (error)
|
| 021 |
|
|
|a RU
|b 05-9163
|9 05-478
|
| 035 |
|
|
|a (RuTPU)RU\TPU\book\108922
|
| 090 |
|
|
|a 101143
|
| 100 |
|
|
|a 20060901d2005 m y0rusy5002 ca
|
| 101 |
0 |
|
|a rus
|
| 102 |
|
|
|a RU
|
| 105 |
|
|
|a y j 000zy
|
| 200 |
1 |
|
|a Введение в драматургию телерекламы
|e учебное пособие для вузов
|f Г. М. Фрумкин
|
| 210 |
|
|
|a Москва
|c Альма Матер
|c Академический Проект
|d 2005
|
| 215 |
|
|
|a 93, [2] с.
|d 20 см.
|
| 225 |
1 |
|
|a Gaudeamus
|
| 330 |
|
|
|a Телевизионное искусство возникло и развивается как синтез кинематографического, театрального, музыкального и изобразительного искусств. В данной книге драматургия телевизионной рекламы рассматривается в той ее части, в которой она опирается на опыт драматургии театра и кино. Автор подробно рассказывает об особенностях работы над сценариями рекламных сюжетов, об основных элементах их композиции и структуры, об использовании в телевизионной рекламе эйзенштейновских принципов «монтажа аттракционов», о специфике политической рекламы и о многом другом. Книга адресована начинающим сценаристам, которым предстоит работать в области телевизионной рекламы.
|
| 610 |
1 |
|
|a реклама
|
| 610 |
1 |
|
|a телевизионная драматургия
|
| 610 |
1 |
|
|a телевидение
|
| 610 |
1 |
|
|a сценарии
|
| 610 |
1 |
|
|a сюжеты
|
| 610 |
1 |
|
|a учебные пособия
|
| 675 |
|
|
|a 659(075.8)
|v 3
|z rus
|
| 700 |
|
1 |
|a Фрумкин
|b Г. М.
|g Григорий Моисеевич
|4 070
|
| 801 |
|
0 |
|a RU
|b RKP
|c 20050325
|g PSBO
|
| 801 |
|
1 |
|a RU
|b 63413507
|c 20060901
|g PSBO
|
| 801 |
|
2 |
|a RU
|b 63413507
|c 20230502
|g PSBO
|
| 900 |
|
|
|a Конструирование рекламы
|
| 942 |
|
|
|c BK
|